[Event "Florianopolis Winter op 6th"]
[Site "Florianopolis"]
[Date "2022.07.16"]
[Round "7"]
[White "Klein, Louise da Silveira"]
[Black "Silveiro, Miguel Hedler"]
[Result "0-1"]
[WhiteElo "1254"]
[BlackElo "1536"]
[PlyCount "98"]
[EventDate "2022.07.13"]
[EventType "swiss"]
[EventRounds "9"]
[EventCountry "BRA"]
[SourceTitle "CBM 209 Extra"]
[Source "ChessBase"]
[SourceDate "2022.09.30"]
[SourceVersion "1"]
[SourceVersionDate "2022.09.30"]
[SourceQuality "1"]

1. d4 Nf6 2. c4 e6 3. Nc3 Bb4 4. Bd2 0-0 5. e3 d5 6. Nf3 c5 7. Bd3 Nc6 8. 0-0 dxc4 9. Bxc4 cxd4 10. exd4 Nxd4 11. Nxd4 Qxd4 12. Bb3 Rd8 13. Be3 Qxd1 14. Rfxd1 Bd7 15. Rac1 Ng4 16. Bd2 Bc6 17. h3 Nf6 18. a3 Ba5 19. Be1 Kf8 20. Bc2 Ke7 21. Rxd8 Rxd8 22. b4 Bc7 23. Rd1 Be5 24. Rxd8 Kxd8 25. a4 Nd5 26. Ne4 h6 27. b5 Be8 28. Nd2 Bc3 29. Kf1 Nf4 30. Be4 Kc7 31. Nb3 Bxe1 32. Kxe1 f5 33. Bf3 e5 34. g3 Nxh3 35. Nc5 e4 36. Bd1 Ng5 37. Bb3 Kb6 38. Ne6 Nxe6 39. Bxe6 g6 40. Kd2 Ka5 41. Bb3 Kb4 42. Kc2 a6 43. Bd5 axb5 44. axb5 Kxb5 45. Bxb7 Kc4 46. Ba6+ Kd4 47. Kd2 g5 48. Bb7 f4 49. gxf4 gxf4 0-1

[Event "Florianopolis Autumn op U1800"]
[Site "Florianopolis"]
[Date "2022.05.14"]
[Round "4"]
[White "Silveiro, Miguel Hedler"]
[Black "Pereira, Armando Scharlau"]
[Result "0-1"]
[WhiteElo "1800"]
[BlackElo "1619"]
[PlyCount "60"]
[EventDate "2022.05.13"]
[EventType "swiss"]
[EventRounds "6"]
[EventCountry "BRA"]
[SourceTitle "CBM 208 Extra"]
[Source "ChessBase"]
[SourceDate "2022.07.31"]
[SourceVersion "1"]
[SourceVersionDate "2022.07.31"]
[SourceQuality "1"]

1. e4 e6 2. b3 c5 3. Bb2 Nc6 4. Nf3 d6 5. Bb5 Bd7 6. 0-0 a6 7. Bxc6 Bxc6 8. Re1 e5 9. Nc3 Nf6 10. d3 Be7 11. Ne2 Bd7 12. Ng3 Qc8 13. Nh4 g6 14. Nf3 0-0 15. h3 Ne8 16. Qd2 Ng7 17. Ne2 f5 18. h4 f4 19. Nc3 Qd8 20. Nd5 Bxh4 21. Bc3 b6 22. Nxh4 Qxh4 23. Nxb6 Ra7 24. b4 f3 25. Re3 Bg4 26. bxc5 Raf7 27. gxf3 Bxf3 28. Rxf3 Rxf3 29. Rf1 Qg4+ 30. Kh2 Rh3# 0-1